000 01055cam a2200301 a 4500
001 13128239
003 PILC
005 20150112093426.0
008 030318s2004 caua b 001 0 eng
010 _a 2003104097
020 _a9780534562632
040 _aDLC
_cDLC
_dDLC
050 0 0 _aHM 1221
_b.N558 2004
082 0 0 _aApSF 659.2
_bN47 2004
100 1 _aNewsom, Doug.
_9888
245 1 0 _aThis is PR :
_bthe realities of public relations /
_cDoug Newsom, Judy VanSlyke Turk, Dean Kruckeberg.
250 _a8th ed.
260 _aBelmont, CA :
_bWadsworth/Thomson Learning,
_c2004.
300 _a418 pages :
_billustration ;
_c25 cm.
500 _aIncludes bibliographical references (p. 363-382) and index.
650 0 _aPublic relations.
_9889
700 1 _aTurk, Judy VanSlyke.
_9890
700 1 _aKruckeberg, Dean.
_9891
906 _a7
_bcbc
_corigcop
_d2
_encip
_f20
_gy-gencatlg
942 _2lcc
_cBK
999 _c14208
_d14208